000
00324nam a2200133Ia 4500
008
240624s9999 xx 000 0 und d
041
_a
eng
082
_a
519.24 BIS
100
_a
BISHOP YVONNE M
245
_a
DISCRETE MULTIVARIATE ANALYSIS THEORY AN
260
_c
2007
_b
Springer
300
_a
559 : p.
365
_c
ERU
_b
30
999
_c
26588
_d
26588